000 00632nam a2200217Ii 4500
001 1148
003 CO-ViMGA
008 241108s9999||||xx |||||||||||||| ||und||
020 _a980251084X
040 _aCO-ViMGA
_bspa
_erda
_cCO-ViMGA
041 0 _aspa
082 0 4 _a371.897 F72t
100 1 _aCélestin Freinet
_945615
245 1 0 _aEl texto libre :
_bel periódico escolar
264 1 _aCaracas, Venezuela : Laboratorio Educativo, 2000
300 _avolumen
336 _atext
_btxt
_2rdacontent
337 _aunmediated
_bn
_2rdamedia
338 _avolume
_bnc
_2rdacarrier
940 _aidficha_siabuc: 1126. -- ficha_no_siabuc:1148
999 _c40143
_d40143